[Event "Pula op"]
[Site "Pula"]
[Date "1990.??.??"]
[Round "2"]
[White "Savic, Drago"]
[Black "Gliksman, Darko"]
[Result "0-1"]
[WhiteElo "2285"]
[BlackElo "2275"]
[PlyCount "50"]
[EventDate "1990.??.??"]
[EventType "swiss"]
[EventRounds "9"]
[EventCountry "YUG"]
[SourceTitle "EXT 2000"]
[Source "ChessBase"]
[SourceDate "1999.11.16"]
[SourceVersion "1"]
[SourceVersionDate "1999.11.16"]
[SourceQuality "1"]

1. d4 d5 2. c4 Bf5 3. cxd5 Bxb1 4. Qa4+ c6 5. Rxb1 Qxd5 6. Nf3 Nd7 7. e3 Nb6 8. Qb3 Qxb3 9. axb3 Nf6 10. Bd3 Nbd5 11. 0-0 e6 12. Ra1 Nb4 13. Bb1 c5 14. e4 cxd4 15. Nxd4 Bc5 16. Be3 Ng4 17. Nxe6 Nxe3 18. Nc7+ Kd7 19. Rc1 Kxc7 20. Rxc5+ Kb6 21. Raa5 a6 22. fxe3 Nc6 23. Rxc6+ Kxa5 24. Rc4 Rhd8 25. Bc2 Rac8 0-1